000 00621nam a22001937a 4500
999 _c7148
_d7148
003 OSt
005 20210907115235.0
008 210907b ||||| |||| 00| 0 eng d
020 _a9781406716269
040 _cDDC
082 _a543SCH1919
100 _aSchoeller W.R.
_914716
245 _aThe analysis of minerals and ores of the rarer elements.
_bFor analytical chemists,metallurgists, and advanced students
_cEdited by Schoeller W.C.
260 _aLondon
_bCharles Griffin and company limited
_c1919
300 _ax,239p;
_bill
_c23cm
504 _aIncludes; index
650 _aChemistry
_9797
942 _2ddc
_cO_SHELF